| 000 | 00468nam a2200181Ia 4500 | ||
|---|---|---|---|
| 008 | 240510s9999 xx 000 0 und d | ||
| 020 | _a9789556524314 | ||
| 041 | _asih | ||
| 082 | _a891.483 | ||
| 082 | _bB25 | ||
| 100 | _aBEMMANN, Hans : Translator : PERERA, Chithra I. | ||
| 245 | 0 | _aKinduru Arana 2 : The Stone And The Flute | |
| 260 | _bColombo : Wijesuriya Grantha Kendraya | ||
| 260 | _c2008 | ||
| 300 | _a381 p. | ||
| 942 | _2ddc | ||
| 942 | _cLBK | ||
| 999 |
_c28273 _d28273 |
||
| 945 |
_a1 _bMadushi Gamage _c1 _dMadushi Gamage |
||